Barrons GRE : (Record no. 592932)

000 -LEADER
fixed length control field 00875nam a22001337a 4500
040 ## - CATALOGING SOURCE
Transcribing agency NUST
082 ## - DEWEY DECIMAL CLASSIFICATION NUMBER
Classification number 378.1662,GRE
245 ## - TITLE STATEMENT
Title Barrons GRE :
Remainder of title How to prepare for the Graduate Record Examination /
Statement of responsibility, etc. Samuel C. Brownstein, Mitchel Weiner, and Sharon Weiner Green
250 ## - EDITION STATEMENT
Edition statement 8th ed.
260 ## - PUBLICATION, DISTRIBUTION, ETC.
Place of publication, distribution, etc. America
Name of publisher, distributor, etc. Bsrron's
Date of publication, distribution, etc. 1988
300 ## - PHYSICAL DESCRIPTION
Extent viii,659 p.;
505 ## - FORMATTED CONTENTS NOTE
Formatted contents note What You Need to Know About the GRE (Page-1), A Diagnostic Test (Page-14), Sentence Completion Questions (Page-66), Analogy Questions (Page-81), Reading Comprehension Question (Page-93), Antonym Questions (Page-), Reviewing Vocabulary (Page-), Quantitative Comparison Questions (Page-), Discrete Quantitative Questions (Page-), Data Interpretation Questions (Page-), Mathematics Review (Page-), Analytical Ability (Page-395), Test Yourself- Five Practice Tests (Page-418).
942 ## - ADDED ENTRY ELEMENTS (KOHA)
Source of classification or shelving scheme
Koha item type Book
Call number prefix 378.1662,GRE
Holdings
Withdrawn status Lost status Source of classification or shelving scheme Damaged status Not for loan Permanent Location Current Location Shelving location Date acquired Total Checkouts Full call number Barcode Date last seen Date last checked out Price effective from Koha item type Public note
          Military College of Signals (MCS) Military College of Signals (MCS) General Stacks 01/16/2023 2 378.1662,GRE MCS36450 12/03/2025 11/17/2025 01/16/2023 Book Almirah No.54, Shelf No.3
© 2023 Central Library, National University of Sciences and Technology. All Rights Reserved.